| 000 | 01646cam a22004097a 4500 | ||
|---|---|---|---|
| 999 |
_c4190 _d4190 |
||
| 001 | 16494251 | ||
| 003 | GZU | ||
| 005 | 20210315085350.0 | ||
| 008 | 101007s2010 enk b 000 0 eng | ||
| 010 | _a 2010513324 | ||
| 015 |
_aGBA9C3498 _2bnb |
||
| 016 | 7 |
_a015443324 _2Uk |
|
| 020 | _a9781847420893 (pbk.) | ||
| 020 | _a1847420893 (pbk.) | ||
| 020 | _a9781847420985 (hbk.) | ||
| 020 | _a1847420982 (hbk.) | ||
| 035 | _a(OCoLC)ocn477285127 | ||
| 040 |
_aUKM _beng _cUKM _dBTCTA _dBWK _dYDXCP _dC#P _dCUS _dBWX _dCDX _dEUM _dBDX _dDLC |
||
| 042 | _alccopycat | ||
| 050 | 0 | 0 |
_aPR6106 FIT 2010 _bV69 2010 |
| 082 | 0 | 4 |
_a305.01 _222 |
| 100 | 1 |
_aFitzpatrick, Tony, _d1966- _eauthor |
|
| 245 | 1 | 0 |
_aVoyage to utopias : _ba fictional guide through social philosophy / _cTony Fitzpatrick. |
| 260 |
_aBristol ; _aPortland, OR : _bPolicy Press, _c2010. |
||
| 300 |
_a241 p. ; _c22 cm. |
||
| 504 | _aIncludes bibliographical references. | ||
| 520 | 8 | _aThis fictional account introduces the reader to key to key ideas on social and political philosophy. It provides them with the key skills of philosophical investigation in a rigorous, yet accessible way. The novel is comical, informative and entertaining, allowing students to experience often complex ideas from the inside. | |
| 650 | 0 | _aUtopias. | |
| 650 | 0 | _aSocial justice. | |
| 650 | 0 |
_aSociology _xPhilosophy. |
|
| 650 | 0 |
_aUtopias _vFiction. |
|
| 650 | 0 |
_aSocial justice _vFiction. |
|
| 650 | 0 |
_aSociology _xPhilosophy _vFiction. |
|
| 906 |
_a7 _bcbc _ccopycat _d2 _encip _f20 _gy-gencatlg |
||
| 942 |
_2lcc _cBK _h6106 _iFIT _kPR |
||